| 000 | 00967nam a22002897i 4500 | ||
|---|---|---|---|
| 003 | EG-GICUC | ||
| 005 | 20260121101734.0 | ||
| 008 | 260118s1922 uk ||||fr||| 00|1|||eng d | ||
| 040 |
_aEG-GiCUC _cEG-GiCUC _dEG-GiCUC _eRda _beng |
||
| 041 | _aeng | ||
| 082 | 0 | 4 |
_221 _a341.3304009 _bMO . H |
| 092 | 0 | 4 | _221 |
| 099 | _aLaw1 11 341.3304009 MO . H 1922 | ||
| 100 | 1 |
_aMowat, R. B _eAuthor. |
|
| 245 | 1 | 2 |
_aA history of European diplomacy, 1815-1914 / _cby R.B. Mowat. |
| 264 | 1 |
_aLondon : _bE. Arnold & Co., _c1922. |
|
| 300 |
_aviii, 308 pages ; _c24 cm. |
||
| 336 |
_2rda contenu _a texte |
||
| 337 |
_2rda medias _aOrdinateur |
||
| 338 |
_2 transporteur rda _a Ressource en ligne |
||
| 504 | _aIncludes bibliographical references and index. | ||
| 546 | _aText in English | ||
| 650 | 1 | 4 |
_adiplomacy - Histoiré _xPublic international law _zEurope |
| 856 | 4 | 0 | _uhttps://fll.law.cu.edu.eg/fulltext/bks/B11-06920.pdf |
| 905 | _a75 | ||
| 942 |
_2ddc _cBK _e21 _n0 |
||
| 999 |
_c57409 _d57409 |
||